000 00331nam a22001457a 4500
008 230524b ||||| |||| 00| 0 eng d
020 _a9782011694812
041 _aFRA
080 _a82
082 _a82MON
100 _a38
101 _aGJL
245 _aEXTRAITS EN FRANCAIS ANCIEN ET MODERNE
_cMONTAIGNE. E
942 _2udc
_cBK
999 _c59848
_d59848